| 000 | 02507cad a22002535a 4500 | ||
|---|---|---|---|
| 001 | E147297 | ||
| 008 | 090427s2009 xxk f s000 0 eng d | ||
| 020 | _a9780755959891 | ||
| 035 | _a(Sirsi) u147297 | ||
| 041 | 0 | _aeng | |
| 050 | 0 | 4 | _a306.1 $2 18 |
| 110 | 2 |
_aScotland _bScottish Government _95344 |
|
| 245 | 0 | 0 |
_aDraft Housing (Scotland) Bill _ba consultation _h[electronic resource] |
| 260 |
_aEdinburgh _bScottish Government _c2009 |
||
| 505 | 2 | _aExecutive summary -- Introduction -- Part 1, reforming Right to Buy: background; the need for change; progress since Firm Foundations; ending the Right to Buy for new supply social housing; ending the Right to Buy for new tenants; reforming pressured-area designations; developing guidance for RSL applications to extend the ten-year suspension; revising guidance on landlords' continuous occupation discretionary powers -- Part 2, modernising regulation: introduction; purpose of a modernised regime; modernising regulation, overview; streamlining regulation of social landlords; finding another term for 'social housing' the Scottish Social Housing Charter; status of the Scottish Housing Regulator; regulator's objective to safeguard and promote tenants' interests; Scottish Housing Regulator and other housing services; measuring performance and value and encouraging improvement; inquiries and information; Scottish Housing Regulator's intervention powers; securing the financial viability and good governance of RSLs; setting and applying regulatory criteria for those seeking to become RSLs; constitution, rule changes, amalgamation and dissolution of RSLs; disposal of land by RSLs -- Part 3, draft Housing (Scotland) Bill -- Annex A, draft equalities impact assessment -- Annex B, partial regulatory impact assessment | |
| 520 | _aSeeks views on a draft Housing (Scotland) Bill, which is proposed for introduction in 2010. It is hoped that the proposals will ensure the availability of social housing and increase its value for money. Proposals include the reform of the Right to Buy system, and the modernisation of the regulation of social housing. Deadline for comments is 14 August 2009. | ||
| 521 | _aAdvanced | ||
| 590 | _aKA | ||
| 650 | 2 | 4 | _aHOUSING SCOTLAND BILL |
| 651 | 4 |
_aScotland _y1999- |
|
| 690 | _aPROPERTY-RESIDENTIAL PROPERTY-DOMESTIC RESIDENTIAL PROPERTY-HOUSING | ||
| 856 | 4 | 0 |
_uhttps://www.scotland.gov.uk/Publications/2009/04/27095102/0 _zView the consultation free of charge at www.scotland.gov.uk... |
| 942 | _n0 | ||
| 999 |
_c109511 _d109511 |
||